Regional disparities in small countries
Salvato in:
| Altri autori: | , |
|---|---|
| Natura: | Libro |
| Lingua: | inglese |
| Pubblicazione: |
Berlin
Springer
2005
|
| Soggetti: | |
| Tags: |
Nessun Tag, puoi essere il primo ad aggiungerne!!
|
MARC
| LEADER | 00000nam$a2200000$$$4500 | ||
|---|---|---|---|
| 001 | 0036538 | ||
| 005 | 20240104133959.9 | ||
| 020 | |a 3-540-24303-8 | ||
| 041 | 0 | |a eng | |
| 044 | |a DE | ||
| 245 | 1 | 0 | |a Regional disparities in small countries |c Daniel Felsenstein, Boris A. Portnov editors |
| 264 | 1 | |a Berlin |b Springer |c 2005 | |
| 300 | |a 333 s. | ||
| 610 | 2 | 0 | |a hospodárstvo regionálne |
| 610 | 2 | 0 | |a disparita |
| 610 | 2 | 0 | |a politika regionálna |
| 610 | 2 | 0 | |a porovnanie medzinárodné |
| 700 | 1 | |a Felsenstein, Daniel | |
| 700 | 1 | |a Portnov, Boris A. | |